000 00399nam a2200109Ia 4500
008 170221s9999 xx 000 0 und d
100 _aAriful Hoque
245 4 _aThe Stationarity of South Asian Real Exchange Rates Allowing for Structural Breaks
245 _cAriful Hoque and Rajabrata Banerjee
650 _xBusiness
856 _uhttp://ro.uow.edu.au/cgi/viewcontent.cgi?article=1490&context=aabfj
999 _c307950
_d307950